| Tag |
First Indicator |
Second Indicator |
Subfields |
| LEADER |
00000cam a2200000 a 4500 |
| 001 |
in00002045708 |
| 005 |
20151101054853.0 |
| 008 |
830301s1982 mv b 000 0 ruso |
| 010 |
|
|
|a 83121472
|
| 019 |
|
|
|a 9986446
|
| 035 |
|
|
|a (OCoLC)ocm14272256
|
| 040 |
|
|
|a DLC
|c DLC
|d OCLCQ
|d TXA
|d UtOrBLW
|
| 041 |
0 |
|
|a rus
|b fre
|
| 043 |
|
|
|a e-ur---
|
| 049 |
|
|
|a TXAM
|
| 050 |
0 |
0 |
|a PN849.R9
|b P79 1982
|
| 245 |
0 |
0 |
|a Puti khudozhestvennykh iskaniĭ sovremennoĭ sovetskoĭ literatury /
|c [redakt︠s︡ionnai︠a︡ kollegii︠a︡, G.I. Lomidze (otvetstvennyĭ redaktor) and others].
|
| 264 |
|
1 |
|a Kishinev :
|b "Shtiint︠s︡a",
|c 1982.
|
| 300 |
|
|
|a 183 pages ;
|c 20 cm.
|
| 336 |
|
|
|a text
|b txt
|2 rdacontent
|
| 337 |
|
|
|a unmediated
|b n
|2 rdamedia
|
| 338 |
|
|
|a volume
|b nc
|2 rdacarrier
|
| 500 |
|
|
|a At head of title: Akademii︠a︡ nauk SSSR. Institut mirovoĭ literatury im. A.M. Gorʹkogo. Akademii︠a︡ nauk MSSR. Institut i︠a︡zyka i literatury.
|
| 500 |
|
|
|a Summary in French.
|
| 504 |
|
|
|a Includes bibliographical references.
|
| 650 |
|
0 |
|a Soviet literature
|x History and criticism.
|
| 650 |
|
0 |
|a Socialist realism in literature.
|
| 700 |
1 |
|
|a Lomidze, Georgiĭ Iosifovich.
|
| 710 |
2 |
|
|a Institut mirovoĭ literatury imeni A.M. Gorʹkogo.
|
| 710 |
2 |
|
|a Institutul de Limbė shi Literaturė (Akademii︠a︡ de Shtiint︠s︡e a RSSM)
|
| 948 |
|
|
|a cataloged
|b h
|c 2005/4/5
|d c
|e spoltoratski
|f 1:13:31 pm
|
| 994 |
|
|
|a E0
|b TXA
|
| 999 |
|
|
|a MARS
|
| 999 |
f |
f |
|s 20e3a10e-9654-340d-a0ee-f26d1786c253
|i baa37f3f-061b-3abc-aa54-8c859a99bc65
|t 0
|
| 952 |
f |
f |
|p ric
|a Texas A&M University
|b Rellis Campus
|c Joint Library Facility
|d Remote Storage
|t 0
|e PN849.R9 P79 1982
|h Library of Congress classification
|i unmediated -- volume
|m A14832591157
|
| 998 |
f |
f |
|a PN849.R9 P79 1982
|t 0
|l Remote Storage
|